Metody analizy dynamiki i rytmicznosci zjawisk gospodarczych

Gespeichert in:
Bibliographische Detailangaben
1. Verfasser: Zielinski, Zygmunt
Format: Buch
Sprache:Polnisch
Veröffentlicht: Warszawa Wyd. naukowe 1979
Schriftenreihe:Biblioteka ekonometryczna
Tags: Tag hinzufügen
Keine Tags, Fügen Sie das erste Tag hinzu!

MARC

LEADER 00000nam a2200000 4500
001 c141041
005 20150325105546.5
041 0 |a pol 
044 |a PL 
245 1 0 |a Metody analizy dynamiki i rytmicznosci zjawisk gospodarczych  |c Zygmunt Zielinski 
264 1 |a Warszawa  |b Wyd. naukowe  |c 1979 
300 |a 260 s. 
490 1 |a Biblioteka ekonometryczna 
830 0 |a Biblioteka ekonometryczna 
100 1 |a Zielinski, Zygmunt